000 01176cam a2200385 a 4500
001 2332045
003 OSt
005 20260504052252.0
008 820329s1983 nyu b 000 0 eng
010 _a 82006621
020 _a0024254800
020 _a9780024254801
035 _a2332045
040 _aDLC
_cIRDP
_dDLC
_dOCoLC
_dDLC
043 _an-us---
050 0 0 _aHQ536
_b.C88 1983
082 0 0 _a306.8 WEL
_219
100 _aWELLS,J.GIPSON
245 0 0 _aCURRENT ISSUES IN MARRIAGE AND THE FAMILY
_cJ. GIPSON WELLS
250 _a3rd ed.
260 _aNEW YORK
_bMACMILLAN PUBLISHING CO.
_aLONDON
_bCOLLIER MACMILLAN
_cc1983.
300 _aix, 315 p. ;
_c24 cm.
336 _atext
_btxt
_2rdacontent
337 _aunmediated
_bn
_2rdamedia
338 _avolume
_bnc
_2rdacarrier
504 _aIncludes bibliographical references.
650 0 _aMarriage
_zUnited States.
650 0 _aFamilies
_zUnited States.
650 0 _aDivorce
_zUnited States.
650 0 _aSex role.
700 1 _aWells, J. Gipson.
906 _a7
_bcbc
_corignew
_d1
_eocip
_f19
_gy-gencatlg
942 _2ddc
_cBOOKS
999 _c9533
_d9533